000 01104cam a2200325 a 4500
001 000013202
003 UkOxU
005 20240521134623.0
008 800813s1973 ve a b 001 0 spa d
040 _aDO-SdBNP
_bspa
_cLC
_dBNPHU
082 _a333.7
_bF981c
245 0 0 _aFundamentos sobre conservación de nuestra naturaleza /
_cPedro Segnini La Cruz ... [et al.].
260 _aCaracas :
_bMonte Avila,
_c1973.
300 _a1 v. :
_bil. ;
_c16 cm.
490 1 _aCientífica,
_v34
504 _aIncluye referencias bibliográficas.
650 4 _aMedio ambiente
_zVenezuela.
_930283
650 4 _aProtección del medio ambiente
_zVenezuela.
_930284
650 0 _aPolítica ambiental
_97280
700 1 _aSegnini La Cruz, Pedro.
_930285
700 1 _aLasse, Tobias.
_930286
700 1 _aAristeguieta, Leandro.
_930287
700 1 _aFoldats, Ernesto.
_930288
700 1 _aBlohm, Tomas.
_930289
700 1 _aSequera T., Pedro Elias.
_930290
700 1 _aBellard Pietri, Eugenio de.
_930291
830 0 _aCientífica,
_v34
_925797
910 _aCatalogación por copia / Oxford
049 _aBNGR
999 _c12841
_d12841